1285 1045 1447 1662 1968 1222 1682 1283 1691 1348 1504 1240 1121 1058 1808 1685 1595 1459 1800 1445 1839 1472 1692 1362 1251 1736 1074 1438 1504 1835 1529 1405 1251 1166 1985 1818 1278 1344 1045 1352 1415 1052 1064 1684 1989 1881 1039 1643 1149 1341 1420 1958 1449 1669 1006 1791 1108 1912 1334 1742 1114 1841 1909 1444 1291 1192 1945 1411 1451 1888 1100 1880 1521 1382 1385 1177 1747 1654 1500 1714 1885 1504 1055 1222 1995 1964 1788 1303 1633 1163 1810 1519 1359 1213 1272 1651 1833 1986 1070 BCNSPRNW ULIB Ver.6.0+V

เปลี่ยนเป็นภาษาไทย

Change to English
 แสดงรายละเอียดบรรณานุกรม
  กลับหน้าหลัก

Brief Record : Get Marc (ISO 2709) : E-mail record : QR code < ปิดหน้าต่าง
LEADER : 00000nam 2200000uu 4500
001    13399121852
003     ULIB
008    121212s2552||||th 000 0 tha d
020    ^a9789742356750(ล.8)
060 04 ^aWO100^bพ291ศ ล.8
245 00 ^aศัลยศาสตร์ทั่วไป.^nเล่ม 8,^pHow I do it /^cคณะบรรณาธิการ,พรพรหม เมืองแมน ... [และคนอื่นๆ]
246 30 ^aศัลยศาสตร์ทั่วไป
246 30 ^aHow i do it
250    ^aพิมพ์ครั้งที่ 1
260    ^aกรุงเทพฯ :^bโฆษิตการพิมพ์,^c2552
300    ^a489 หน้า :^bภาพประกอบ ;^c22 ซม.
500    ^aหนังสือประกอบการประชุมวิชาการของสมาคมศัลยแพทย์ทั่วไปแห่งประเทศไทย ในพระบรมราชูปถัมภ์ ประจำปี 2552 ครั้งที่ 8เรื่อง " How I do it " วันที่ 16-18 พฤศจิกายน 2552 ณ อาคารเฉลิมพระบารมี 50 ปี
650  7 ^aศัลยศาสตร์
650  7 ^aศัลยกรรม^vรวมเรื่อง
653    ^aผลงานอาจารย์คณะแพทยศาสตร์ศิริราชพยาบาล
700 0  ^aพรพรหม เมืองแมน,^eบรรณาธิการ
945    ^p830^l0^i16641
945    ^p830^l0^i16642
995    ^aทศพร
999    ^aทศพร เกษรทอง
รายการนี้ยังไม่มีแท็ก
คุณยังไม่ได้ล็อกอิน คุณสามารถมีกิจกรรมร่วมกับเว็บไซต์ได้ แต่ต้องล็อกอินก่อน ::
  ล็อกอิน

รายการสื่อสารสนเทศ

ลำดับที่ ประเภท เลขเรียก/บาร์โค้ด สถานที่ สถานะ
- ไม่พบข้อมูล -

รายการใกล้เคียง
    หัวเรื่อง [ศัลยศาสตร์]

BibComment


ยังไม่เคยถูกคอมเมนท์

คอมเมนท์ทรัพยากรรายการนี้
  คอมเมนท์: ศัลยศาสตร์ทั่วไป..


 Copyright 2026. Bcnsprnw @Library